Statistics for Euro Countries by Former Currency

Click here to take the quiz!

General Stats

  • This quiz has been taken 58 times
  • The average score is 11 of 15

Answer Stats

Former Currency Country or Countries % Correct
FrancBelgium, France, and Luxembourg
100%
MarkGermany
96%
LiraItaly and Malta
92%
PesetaSpain
90%
PoundCyprus and Ireland
86%
GuilderNetherlands
84%
EscudoPortugal
82%
DrachmaGreece
82%
SchillingAustria
71%
LatsLatvia
67%
MarkkaFinland
65%
LitasLithuania
65%
KroonEstonia
61%
KorunaSlovakia
59%
TolarSlovenia
49%

Score Distribution

Percentile by Number Answered

Percent of People with Each Score

Your Score History

You have not taken this quiz